• 首页
  • 本馆介绍
  • 公告通知
  • 最新文献
  • 馆藏检索
  • 电子资源
  • 读者导购
  • 参考咨询
  • 我的图书馆
  • 登录
  • 详细信息显示
  • 放入我的书架
  • 预约/预借图书
  • 作者相关作品
  • 分类相关作品
  • 丛书相关作品
  • 出版社相关作品

书目信息

  • 表格格式
  • 工作单格式
  • 卡片格式
题名:
切·格瓦拉反响与争鸣
    
 
作者: 刘智峰 主编
分册:  
出版信息: 北京   中国社会科学出版社  2001
页数: 449页
开本: 21cm
丛书名: 中国观察系列
单 册:
中图分类: I207.34
科图分类:
主题词: 文学评论
电子资源:
ISBN: 7-5004-3154-6
000 00874oam2 2200265 450
001 1260485048
005 20121013164833.35
010    @a7-5004-3154-6@dCNY25.00
100    @a20011106d2001 em y0chiy0110 ea
101 0  @achi
102    @aCN@b110000
105    @aa z 000yy
200 1  @a切·格瓦拉反响与争鸣@Aqie · ge wa la fan xiang yu zheng ming@f刘智峰主编
210    @a北京@c中国社会科学出版社@d2001
215    @a449页@c照片@d21cm
225 2  @a中国观察系列
330    @a本书首次公开发表《切·格瓦拉》的完整演出剧本,首次披露创作的背景和过程,如实记录该剧在社会各界引起的巨大反响和思想上的激烈交锋。
461  0 @12001 @a中国观察系列
605    @a切·格瓦拉@x文学评论
605    @2CT@3S908288@a切·格瓦拉
606 0  @a文学评论
690    @aI207.34@v4
701  0 @a刘智峰@Aliu zhi feng@4主编
801  0 @aCN@bNLC@c20101222
905    @a10447@dI207.34@eJY353
    
    切·格瓦拉反响与争鸣/刘智峰主编.-北京:中国社会科学出版社,2001
    449页:照片;21cm.-(中国观察系列)
    
    
    ISBN 7-5004-3154-6:CNY25.00
    本书首次公开发表《切·格瓦拉》的完整演出剧本,首次披露创作的背景和过程,如实记录该剧在社会各界引起的巨大反响和思想上的激烈交锋。
●
相关链接 在E读中查询图书 在五车中查询图书 在当当中查询图书 在豆瓣中查询图书


正题名:切·格瓦拉反响与争鸣     索取号:I207.34/JY353         预约/预借

序号 登录号 条形码 馆藏地/架位号 状态 备注
1 7800834   278008344   学院路分馆/ [索取号:I207.34/JY353] 在馆    
唐山师范学院图书馆 欢迎您!
大连网信软件有限公司© 版权所有